Faith and freedom : (Record no. 94705)

MARC details
000 -LEADER
fixed length control field 00699nam a22002057a 4500
005 - DATE AND TIME OF LATEST TRANSACTION
control field 20150828104719.0
010 ## - LCCN (DPL NO)
LC control number ENG-113381
020 ## - INTERNATIONAL STANDARD BOOK NUMBER
International Standard Book Number 9789381523315
Terms of availability 450.00
035 ## - SYSTEM CONTROL NUMBER
System control number EN-96913
037 ## - SOURCE OF ACQUISITION
Source of stock number/acquisition DBAD/PUB
082 ## - DEWEY DECIMAL CLASSIFICATION NUMBER
Classification number 301.153
100 ## - MAIN ENTRY--PERSONAL NAME
Personal name Hasan, Mushirul
245 ## - TITLE STATEMENT
Title Faith and freedom :
Statement of responsibility, etc by Mushirul Hasan
Remainder of title Gandhi in history /
260 ## - PUBLICATION, DISTRIBUTION, ETC. (IMPRINT)
Place of publication, distribution, etc New Delhi
Name of publisher, distributor, etc Niyogi Books
Date of publication, distribution, etc 2013
270 ## - ADDRESS
Address D-78, Okhla Industrial Area, Phase-I,
City New Delhi
Postal code 110020
300 ## - PHYSICAL DESCRIPTION
Extent 555 p., [12] p. of plates :
Dimensions 24cm(Hb)
Other physical details ill.
500 ## - GENERAL NOTE
General note Includes bibliographical references (p. [520]-545) and index.
600 ## - SUBJECT ADDED ENTRY--PERSONAL NAME
Personal name Gandhi, Mahatma,
Dates associated with a name 1869-1948.
942 ## - ADDED ENTRY ELEMENTS (KOHA)
Source of classification or shelving scheme Dewey Decimal Classification
Item type English Books
Call number suffix HAS
Classification part 301.153
Holdings
Withdrawn status Lost status Not for loan Collection code Home library Current library Date acquired Source of acquisition Cost, normal purchase price Full call number Barcode Copy number Cost, replacement price Koha item type
    Not For Loan Non-fiction D.B.Act.Division D.B.Act.Division 07/07/2015 DBAD/PUB 450.00 301.153 HAS EN-96913 1 450.00 English Books

© Delhi Public Library
Hit Counter
free hit counter